000
00300 a2200133 4500
001
88143
082
_a
PR 374
090
_c
41552
_d
41552
100
_a
Sami M Al Najem
245
_a
The Dual Fuel Engine
260
_a
Risalpur
_b
NUST Risalpur
_c
2007
300
_a
40p.
500
_a
BE Project Reports
942
_a
CAE NUST
_k
PR 374
999
_c
323216
_d
323216